[Event "Arad op-A 14th"]
[Site "Arad"]
[Date "2021.08.04"]
[Round "7"]
[White "Craciun, Alexandru Emilian"]
[Black "Mihai, Cristian"]
[Result "1-0"]
[WhiteElo "2103"]
[BlackElo "1983"]
[PlyCount "75"]
[EventDate "2021.07.30"]
[EventType "swiss"]
[EventRounds "9"]
[EventCountry "ROU"]
[SourceTitle "CBM 203 Extra"]
[Source "ChessBase"]
[SourceDate "2021.09.30"]
[SourceVersion "1"]
[SourceVersionDate "2021.09.30"]
[SourceQuality "1"]

1. e4 c6 2. d4 d5 3. e5 c5 4. dxc5 Nc6 5. Nf3 Bg4 6. Be2 e6 7. Be3 Nge7 8. c3 Bxf3 9. Bxf3 Nxe5 10. Be2 N7c6 11. 0-0 Be7 12. Nd2 0-0 13. f4 Nd7 14. b4 a5 15. Qb3 Qc7 16. f5 axb4 17. fxe6 fxe6 18. cxb4 Bf6 19. Rae1 Nd4 20. Bxd4 Bxd4+ 21. Kh1 Rxf1+ 22. Rxf1 Rf8 23. Nf3 Bf6 24. a4 Kh8 25. a5 Rd8 26. g3 Nb8 27. Rd1 Qc6 28. Rc1 Qc7 29. Rd1 Qc6 30. g4 d4 31. Kg1 Qe4 32. g5 Qxe2 33. Re1 Qxe1+ 34. Nxe1 Bxg5 35. Qxe6 Nc6 36. a6 Be3+ 37. Kg2 bxa6 38. Qxc6 1-0

[Event "Jupiter FISCA op"]
[Site "Jupiter"]
[Date "2021.06.30"]
[Round "8"]
[White "Verbin, Valentina"]
[Black "Mihai, Cristian"]
[Result "0-1"]
[WhiteElo "2018"]
[BlackElo "1983"]
[PlyCount "130"]
[EventDate "2021.06.23"]
[EventType "swiss"]
[EventRounds "9"]
[EventCountry "ROU"]
[SourceTitle "EXT 2022"]
[Source "ChessBase"]
[SourceDate "2021.10.06"]
[SourceVersion "1"]
[SourceVersionDate "2021.10.06"]
[SourceQuality "1"]

1. e4 c6 2. d4 d5 3. exd5 cxd5 4. Bd3 Nc6 5. c3 Nf6 6. h3 g6 7. Bf4 Bf5 8. Be2 Bg7 9. Nf3 0-0 10. 0-0 Qb6 11. Qb3 Qxb3 12. axb3 Ne4 13. b4 a6 14. Nbd2 Nxd2 15. Nxd2 Rad8 16. Rfe1 Rfe8 17. b5 axb5 18. Bxb5 Bd7 19. Nb3 Nb8 20. Bd3 Bc6 21. Ra8 e6 22. Na5 Nd7 23. Ra7 e5 24. Nxb7 exf4 25. Nxd8 Rxe1+ 26. Kh2 Nb8 27. b4 Bf6 28. Nxf7 Re7 29. Rxe7 Bxe7 30. Ne5 Be8 31. Bc2 Nd7 32. g3 Nxe5 33. dxe5 fxg3+ 34. Kxg3 Kf7 35. f4 Ke6 36. Bd1 Bb5 37. Bg4+ Kf7 38. Bf3 Bc4 39. Bg4 Bd8 40. Bc8 Bb6 41. Kg4 Be3 42. f5 Bd2 43. Be6+ Kf8 44. b5 Bxc3 45. Kg5 gxf5 46. Kxf5 Ke7 47. Bg8 Bd3+ 48. Kf4 Bd2+ 49. Kg4 Be2+ 50. Kf5 d4 51. Ke4 Bc3 52. b6 Bf1 53. h4 Bg2+ 54. Kd3 h6 55. Bh7 Bf1+ 56. Kc2 Ba5 57. b7 Bc7 58. Bd3 Bg2 59. Ba6 Bxe5 60. Kd2 Kd7 61. Ke2 Kc7 62. b8Q+ Kxb8 63. Kf2 Be4 64. Ke2 Kc7 65. Bc4 Kd6 0-1

[Event "Jupiter FISCA op"]
[Site "Jupiter"]
[Date "2021.06.27"]
[Round "5"]
[White "Mihai, Cristian"]
[Black "Vilcu, Matei Stefan"]
[Result "0-1"]
[WhiteElo "1983"]
[BlackElo "2043"]
[PlyCount "102"]
[EventDate "2021.06.23"]
[EventType "swiss"]
[EventRounds "9"]
[EventCountry "ROU"]
[SourceTitle "EXT 2022"]
[Source "ChessBase"]
[SourceDate "2021.10.06"]
[SourceVersion "1"]
[SourceVersionDate "2021.10.06"]
[SourceQuality "1"]

1. Nf3 d5 2. c4 d4 3. b4 c5 4. Bb2 cxb4 5. Nxd4 e5 6. Nf3 e4 7. Nd4 Nf6 8. e3 Bd6 9. Be2 0-0 10. 0-0 Qe7 11. Nb5 Be5 12. Qc2 Nc6 13. f3 Bf5 14. f4 Bxb2 15. Qxb2 Rfd8 16. a3 a5 17. Nd4 Qc5 18. axb4 axb4 19. Rxa8 Rxa8 20. Nxf5 Qxf5 21. Qb3 Nd7 22. d4 exd3 23. Qxd3 Qxd3 24. Bxd3 Nc5 25. Bf5 Ra2 26. Rf2 b3 27. Nc3 Rxf2 28. Kxf2 Na5 29. Ke2 Nxc4 30. Bd3 b5 31. Bxc4 bxc4 32. e4 b2 33. e5 Ne4 34. Nb1 c3 35. Kd3 Nd2 36. Nxc3 b1Q+ 37. Nxb1 Nxb1 38. Kc2 Na3+ 39. Kd3 Kf8 40. Ke4 Ke7 41. h4 h5 42. f5 Nc4 43. Kf4 f6 44. e6 Ne5 45. g3 Kd6 46. Ke4 Nc6 47. Kf4 Kd5 48. g4 hxg4 49. Kxg4 Ke5 50. Kh5 Kxf5 51. e7 g6+ 0-1

[Event "ROM-ch U18"]
[Site "Mamaia"]
[Date "2021.04.11"]
[Round "7"]
[White "Mihai, Cristian"]
[Black "Bonciu, David"]
[Result "0-1"]
[WhiteElo "1997"]
[BlackElo "2016"]
[PlyCount "100"]
[EventDate "2021.04.07"]
[EventType "swiss"]
[EventRounds "9"]
[EventCountry "ROU"]
[SourceTitle "EXT 2022"]
[Source "ChessBase"]
[SourceDate "2021.10.06"]
[SourceVersion "1"]
[SourceVersionDate "2021.10.06"]
[SourceQuality "1"]

1. d4 Nf6 2. Nf3 g6 3. c4 Bg7 4. Nc3 d5 5. Bg5 Ne4 6. cxd5 Nxg5 7. Nxg5 e6 8. Nf3 exd5 9. e3 0-0 10. Qb3 c6 11. Bd3 Nd7 12. 0-0 Nb6 13. Rac1 Re8 14. Na4 Nc4 15. Qc2 a5 16. b3 Nd6 17. a3 Bg4 18. h3 Bc8 19. Qc5 Ne4 20. Qb6 Qe7 21. Nc5 Ng5 22. Nxg5 Qxg5 23. Kh2 Bf8 24. Qc7 Qf6 25. Nxb7 Ra7 26. Qxc6 Qxc6 27. Rxc6 Rxb7 28. Ba6 Rb8 29. Bxc8 Rexc8 30. Ra6 Ra8 31. Rxa8 Rxa8 32. Ra1 Bd6+ 33. g3 Rc8 34. Ra2 Rc3 35. b4 a4 36. Kg2 Kf8 37. Kf3 Ke7 38. Kg4 h6 39. h4 f5+ 40. Kf3 Kd7 41. g4 f4 42. Ke2 fxe3 43. fxe3 h5 44. gxh5 gxh5 45. Ra1 Be7 46. Kd2 Rb3 47. e4 dxe4 48. Re1 e3+ 49. Rxe3 Rxe3 50. Kxe3 Bxh4 0-1

[Event "ROM-chT div-A"]
[Site "Mamaia"]
[Date "2019.09.21"]
[Round "1.2"]
[White "Andronescu, Madalin"]
[Black "Mihai, Cristian"]
[Result "1-0"]
[WhiteElo "2124"]
[BlackElo "1931"]
[PlyCount "39"]
[EventDate "2019.09.21"]
[EventType "team-tourn"]
[EventRounds "9"]
[EventCountry "ROU"]
[SourceTitle "EXT 2020"]
[Source "ChessBase"]
[SourceDate "2019.10.17"]
[SourceVersion "1"]
[SourceVersionDate "2019.10.17"]
[SourceQuality "1"]
[WhiteTeam "Buzau Phoenix"]
[BlackTeam "Ploiesti Universitar"]
[WhiteTeamCountry "ROU"]
[BlackTeamCountry "ROU"]

1. e4 g6 2. d4 d6 3. c4 Bg7 4. Nc3 Nf6 5. Nf3 0-0 6. g3 Nbd7 7. Bg2 e5 8. 0-0 h6 9. h3 Nh5 10. Be3 c6 11. Qd2 Kh7 12. Rad1 Qe7 13. Rfe1 Nb6 14. b3 Be6 15. d5 cxd5 16. exd5 Bd7 17. c5 Nc8 18. g4 e4 19. Nxe4 Qxe4 20. Ng5+ 1-0

[Event "Arad op 12th"]
[Site "Arad"]
[Date "2019.07.30"]
[Round "8"]
[White "Pop, Alexandru"]
[Black "Mihai, Cristian"]
[Result "1-0"]
[WhiteElo "2276"]
[BlackElo "1903"]
[PlyCount "103"]
[EventDate "2019.07.24"]
[EventType "swiss"]
[EventRounds "9"]
[EventCountry "ROU"]
[SourceTitle "CBM 191 Extra"]
[Source "ChessBase"]
[SourceDate "2019.09.30"]
[SourceVersion "1"]
[SourceVersionDate "2019.09.30"]
[SourceQuality "1"]

1. d4 Nf6 2. c4 c5 3. d5 b5 4. cxb5 a6 5. bxa6 g6 6. Nc3 Bg7 7. a7 Rxa7 8. e4 d6 9. Nf3 0-0 10. Be2 Ba6 11. 0-0 Nbd7 12. Bxa6 Rxa6 13. a4 Qb6 14. Qc2 Qb4 15. Bd2 Rb8 16. Rfb1 Qb3 17. Qxb3 Rxb3 18. Be1 Ng4 19. Nd1 Nge5 20. Nxe5 Nxe5 21. Bc3 Nc4 22. Ra2 Rab6 23. Rc1 Bxc3 24. Rxc3 Rxc3 25. Nxc3 Rxb2 26. Rxb2 Nxb2 27. a5 Nc4 28. a6 Nb6 29. Nb5 Na8 30. f4 f6 31. Kf2 Kf7 32. e5 fxe5 33. fxe5 dxe5 34. Ke3 Ke8 35. Ke4 Kd7 36. Kxe5 Nb6 37. a7 h6 38. g3 Nc4+ 39. Ke4 Nb6 40. g4 h5 41. g5 h4 42. h3 Na8 43. Ke5 Nb6 44. d6 c4 45. dxe7 Kxe7 46. Nc7 c3 47. Nd5+ Kf7 48. Nxb6 c2 49. a8Q c1Q 50. Qb7+ Kg8 51. Qc8+ Qxc8 52. Nxc8 1-0

[Event "ROM-ch U14"]
[Site "Calimanesti"]
[Date "2018.04.01"]
[Round "7"]
[White "Mihai, Cristian"]
[Black "Vilcu, Matei Stefan"]
[Result "0-1"]
[WhiteElo "1814"]
[BlackElo "2005"]
[PlyCount "106"]
[EventDate "2018.03.27"]
[EventType "swiss"]
[EventRounds "9"]
[EventCountry "ROU"]
[SourceTitle "CBM 183 Extra"]
[Source "ChessBase"]
[SourceDate "2018.04.19"]
[SourceVersion "1"]
[SourceVersionDate "2018.04.19"]
[SourceQuality "1"]

1. d4 Nf6 2. Nf3 g6 3. c4 Bg7 4. Nc3 0-0 5. e4 d6 6. Bd3 Nbd7 7. h3 e5 8. d5 Nc5 9. Be3 Nxd3+ 10. Qxd3 Nh5 11. g4 Nf4 12. Bxf4 exf4 13. Nd4 Qf6 14. 0-0-0 Bd7 15. f3 a6 16. h4 b5 17. g5 Qe5 18. Nc6 Bxc6 19. dxc6 Qc5 20. cxb5 axb5 21. Kb1 Qb4 22. Qc2 Bxc3 23. Qxc3 Qxc3 24. bxc3 Ra6 25. Rd5 Rxc6 26. Rxb5 Rxc3 27. Rb3 Rxb3+ 28. axb3 Rb8 29. Kc2 Kf8 30. h5 Rb5 31. hxg6 hxg6 32. Rh4 Rxg5 33. Rxf4 Ke7 34. Kd3 Ke6 35. Rh4 Rh5 36. Rg4 Rh3 37. Ke3 Rh1 38. Kd2 Rb1 39. Kc2 Rf1 40. Rg3 Ke5 41. Rg5+ Kf4 42. Rb5 Rf2+ 43. Kd3 Rxf3+ 44. Kd4 c5+ 45. Kd5 Rd3+ 46. Kc6 Kxe4 47. Rb7 f5 48. Rg7 Rxb3 49. Kxd6 c4 50. Kc5 c3 51. Rxg6 c2 52. Re6+ Kf3 53. Re1 Rb1 0-1

[Event "ROM-ch U14"]
[Site "Calimanesti"]
[Date "2018.03.27"]
[Round "1"]
[White "Titu, Robert Stefan"]
[Black "Mihai, Cristian"]
[Result "0-1"]
[WhiteElo "1248"]
[BlackElo "1814"]
[PlyCount "70"]
[EventDate "2018.03.27"]
[EventType "swiss"]
[EventRounds "9"]
[EventCountry "ROU"]
[SourceTitle "CBM 183 Extra"]
[Source "ChessBase"]
[SourceDate "2018.04.19"]
[SourceVersion "1"]
[SourceVersionDate "2018.04.19"]
[SourceQuality "1"]

1. e4 c6 2. d4 d5 3. exd5 cxd5 4. Bd3 Nc6 5. c3 Nf6 6. Bf4 Bg4 7. f3 Bh5 8. Ne2 e6 9. 0-0 Bg6 10. Bxg6 hxg6 11. Nd2 Nh5 12. Nb3 Nxf4 13. Nxf4 Qh4 14. Nh3 Bd6 15. Nc5 Qe7 16. b4 Rc8 17. Re1 0-0 18. Nf2 Qc7 19. g3 Ne7 20. Rc1 Nf5 21. c4 dxc4 22. Rxc4 b6 23. Nfe4 Rfd8 24. Qc2 Nxd4 25. Rxd4 Bxc5 26. bxc5 Rxd4 27. Rc1 bxc5 28. Kf2 c4 29. Qa4 Qb6 30. Ke2 Rd3 31. Qc2 Qe3+ 32. Kf1 Qxf3+ 33. Nf2 Rcd8 34. Kg1 Rd2 35. Qxd2 Rxd2 0-1

[Event "EU-ch U14 27th"]
[Site "Mamaia"]
[Date "2017.09.09"]
[Round "5"]
[White "Bulau, Andrei Cristian"]
[Black "Mihai, Cristian"]
[Result "1-0"]
[WhiteElo "2075"]
[BlackElo "1851"]
[PlyCount "79"]
[EventDate "2017.09.05"]
[EventType "swiss"]
[EventRounds "9"]
[EventCountry "ROU"]
[SourceTitle "CBM 180 Extra"]
[Source "ChessBase"]
[SourceDate "2017.10.06"]
[SourceVersion "1"]
[SourceVersionDate "2017.10.06"]
[SourceQuality "1"]

1. d4 Nf6 2. c4 c5 3. d5 b5 4. cxb5 a6 5. e3 g6 6. Nc3 d6 7. Nf3 Bg7 8. a4 0-0 9. e4 axb5 10. Bxb5 Ba6 11. Bd2 Ne8 12. 0-0 Nc7 13. Qe2 Nxb5 14. axb5 Bb7 15. Qc4 Nd7 16. Ra3 f5 17. Ng5 Nb6 18. Qd3 fxe4 19. Qh3 h6 20. Ne6 Qe8 21. Rxa8 Bxa8 22. Nxg7 Kxg7 23. Bxh6+ Kg8 24. Bxf8 Qxf8 25. Qe6+ Kg7 26. Qxe4 Qf7 27. Re1 Kf8 28. Re3 Ke8 29. Rg3 Nxd5 30. Nxd5 Bxd5 31. Qxg6 Qxg6 32. Rxg6 c4 33. Rg5 Bb7 34. h4 d5 35. h5 d4 36. h6 Be4 37. Rg4 Bd3 38. Rxd4 Kf7 39. Rxd3 cxd3 40. Kf1 1-0

[Event "ROM-ch U14"]
[Site "Baile Felix"]
[Date "2017.02.04"]
[Round "3"]
[White "Mihai, Cristian"]
[Black "Balan, Bogdan"]
[Result "1-0"]
[WhiteElo "1798"]
[BlackElo "1965"]
[PlyCount "115"]
[EventDate "2017.02.02"]
[EventType "swiss"]
[EventRounds "9"]
[EventCountry "ROU"]
[SourceTitle "CBM 176 Extra"]
[Source "ChessBase"]
[SourceDate "2017.03.02"]
[SourceVersion "1"]
[SourceVersionDate "2017.03.02"]
[SourceQuality "1"]

1. d4 Nf6 2. c4 e6 3. Nf3 c5 4. e3 a6 5. Nc3 Qc7 6. Be2 d6 7. 0-0 g6 8. Qd2 Bg7 9. b3 0-0 10. Bb2 b6 11. dxc5 dxc5 12. Rfd1 Bb7 13. Ne1 Nc6 14. Bf3 Rad8 15. a3 Na5 16. Ne2 Rc8 17. Rac1 Qb8 18. Bc3 Bxf3 19. Nxf3 Nc6 20. Ng3 Qc7 21. Qb2 Qe7 22. Rc2 Rfd8 23. Rcd2 Rxd2 24. Rxd2 Rd8 25. h3 h5 26. Rxd8+ Qxd8 27. Qd2 Qxd2 28. Nxd2 Ne8 29. Bxg7 Kxg7 30. Nge4 f5 31. Nc3 Nd6 32. Na4 Nc8 33. Kf1 Kf6 34. Ke2 Nb8 35. Kd3 Nd7 36. b4 cxb4 37. axb4 Ke5 38. e4 b5 39. cxb5 axb5 40. Nc3 Nd6 41. g3 fxe4+ 42. Ndxe4 Nxe4 43. Nxe4 Nb6 44. f4+ Kd5 45. Nc3+ Kc6 46. Kd4 Nc4 47. Ke4 Kb6 48. Ne2 Kc6 49. Nd4+ Kd7 50. Nxb5 Ke7 51. Nd4 Kf6 52. Nf3 Nd6+ 53. Kd4 Nf5+ 54. Kc5 Nxg3 55. b5 Ke7 56. Kc6 Nf5 57. b6 Nd6 58. Ne5 1-0

[Event "ROM-ch U14"]
[Site "Baile Felix"]
[Date "2017.02.03"]
[Round "2"]
[White "Bulau, Andrei Cristian"]
[Black "Mihai, Cristian"]
[Result "0-1"]
[WhiteElo "2041"]
[BlackElo "1798"]
[PlyCount "118"]
[EventDate "2017.02.02"]
[EventType "swiss"]
[EventRounds "9"]
[EventCountry "ROU"]
[SourceTitle "CBM 176 Extra"]
[Source "ChessBase"]
[SourceDate "2017.03.02"]
[SourceVersion "1"]
[SourceVersionDate "2017.03.02"]
[SourceQuality "1"]

1. d4 Nf6 2. c4 c5 3. d5 b5 4. cxb5 a6 5. e3 Bb7 6. Nc3 g6 7. e4 d6 8. Qa4 Nfd7 9. bxa6 Nxa6 10. Bb5 Nb4 11. Bxd7+ Qxd7 12. Qxd7+ Kxd7 13. Kd2 Ba6 14. Nh3 Bg7 15. a3 Nd3 16. Kc2 Rhb8 17. b3 e6 18. Rb1 Ne5 19. f4 Bd3+ 20. Kd2 Bxb1 21. fxe5 Rxb3 22. Nxb1 Rxb1 23. Kc2 Rab8 24. Ng5 Bxe5 25. Rd1 Rxc1+ 26. Rxc1 Bf4 27. Rf1 Bxg5 28. Rxf7+ Be7 29. Rxh7 exd5 30. exd5 Rf8 31. g3 Rf5 32. a4 Rxd5 33. a5 c4 34. Kc3 Rxa5 35. Kxc4 Rh5 36. Rg7 g5 37. h4 gxh4 38. gxh4 Rxh4+ 39. Kd5 Rh5+ 40. Ke4 Rg5 41. Rh7 Ke6 42. Rh6+ Bf6 43. Rh1 Ra5 44. Rb1 d5+ 45. Ke3 Ke5 46. Rb8 Ra4 47. Ke2 Ke4 48. Re8+ Be5 49. Rc8 d4 50. Rc1 Ra2+ 51. Kd1 Ke3 52. Ke1 Bg3+ 53. Kf1 d3 54. Rb1 Be5 55. Re1+ Re2 56. Rc1 Rf2+ 57. Kg1 d2 58. Rd1 Bc3 59. Rb1 Re2 0-1

[Event "Arad op 9th"]
[Site "Arad"]
[Date "2016.08.08"]
[Round "4"]
[White "Mihai, Cristian"]
[Black "Abramovic, Bosko"]
[Result "0-1"]
[WhiteElo "1769"]
[BlackElo "2433"]
[PlyCount "114"]
[EventDate "2016.08.06"]
[EventType "swiss"]
[EventRounds "9"]
[EventCountry "ROU"]
[SourceTitle "CBM 173 Extra"]
[Source "ChessBase"]
[SourceDate "2016.08.29"]
[SourceVersion "1"]
[SourceVersionDate "2016.08.29"]
[SourceQuality "1"]

1. d4 Nf6 2. c4 e6 3. Nf3 d5 4. Nc3 Nbd7 5. Bg5 c6 6. cxd5 exd5 7. e3 h6 8. Bh4 g5 9. Bg3 Nh5 10. Bd3 Nxg3 11. hxg3 Bg7 12. Qc2 Nb6 13. Na4 Qe7 14. Nc5 g4 15. Ne5 Bxe5 16. dxe5 Qxe5 17. 0-0-0 Nd7 18. Bf5 Nxc5 19. Bxc8 Rxc8 20. Qxc5 b6 21. Qd4 Qxd4 22. Rxd4 f5 23. Rf4 Kd7 24. Rh5 Rcf8 25. Rhxf5 Rxf5 26. Rxf5 Ke6 27. Rf4 h5 28. Kd2 a5 29. Ke2 c5 30. a3 b5 31. f3 Rg8 32. Kf2 a4 33. e4 dxe4 34. Rxe4+ Kd5 35. Rf4 Rg5 36. Re4 Rg8 37. Rf4 Rb8 38. fxg4 hxg4 39. Rxg4 b4 40. Ke2 bxa3 41. bxa3 Rb2+ 42. Kd1 c4 43. Rf4 Rxg2 44. g4 Rg3 45. Kc2 Rxa3 46. g5 Rg3 47. Rf5+ Kd4 48. Ra5 Rg2+ 49. Kd1 Kd3 50. Rd5+ Kc3 51. Ra5 Kb4 52. Re5 a3 53. Re7 a2 54. Rb7+ Kc3 55. Ra7 a1Q+ 56. Rxa1 Rg1+ 57. Ke2 Rxa1 0-1

[Event "ROM-ch U12"]
[Site "Calimanesti Caciulata"]
[Date "2016.04.21"]
[Round "5"]
[White "Constandache, Vlad Ciprian"]
[Black "Mihai, Cristian"]
[Result "0-1"]
[WhiteElo "1427"]
[BlackElo "1666"]
[PlyCount "82"]
[EventDate "2016.04.18"]
[EventType "swiss"]
[EventRounds "9"]
[EventCountry "ROU"]
[SourceTitle "CBM 172 Extra"]
[Source "ChessBase"]
[SourceDate "2016.06.21"]
[SourceVersion "1"]
[SourceVersionDate "2016.06.21"]
[SourceQuality "1"]

1. e4 c6 2. d4 d5 3. e5 c5 4. c3 Nc6 5. Bb5 e6 6. Bxc6+ bxc6 7. Ne2 Ne7 8. Nd2 Nf5 9. Nf3 cxd4 10. cxd4 c5 11. 0-0 Be7 12. Ng3 Nxg3 13. hxg3 0-0 14. Be3 cxd4 15. Bxd4 a5 16. Rc1 Ba6 17. Re1 Rc8 18. Qd2 a4 19. b3 Qd7 20. Qe3 Ba3 21. Rb1 Rc2 22. b4 Rxa2 23. Bc5 Rb8 24. Qd4 Qb5 25. Re3 Qc4 26. Kh2 Qxd4 27. Nxd4 Bc4 28. Nc6 Ra8 29. Na5 Bb2 30. Nxc4 dxc4 31. Re2 c3 32. g4 a3 33. Be3 Ra1 34. Rxa1 Bxa1 35. Ra2 Bb2 36. Kg1 c2 37. Kf1 c1Q+ 38. Bxc1 Bxc1 39. Ke2 Bb2 40. f4 Rb8 41. Kd2 Rxb4 0-1

[Event "ROM-ch U12"]
[Site "Calimanesti"]
[Date "2015.04.06"]
[Round "9"]
[White "Mihai, Cristian"]
[Black "Craciun, Alexandru Emilian"]
[Result "1-0"]
[WhiteElo "1692"]
[BlackElo "1562"]
[PlyCount "137"]
[EventDate "2015.03.30"]
[EventType "swiss"]
[EventRounds "9"]
[EventCountry "ROU"]
[SourceTitle "CBM 165 Extra"]
[Source "ChessBase"]
[SourceDate "2015.04.21"]
[SourceVersion "1"]
[SourceVersionDate "2015.04.21"]
[SourceQuality "1"]

1. d4 e6 2. Nf3 Nf6 3. Bg5 h6 4. Bh4 c5 5. c3 d5 6. e3 Nc6 7. Bd3 Be7 8. 0-0 0-0 9. dxc5 Bxc5 10. Nd4 e5 11. Nxc6 bxc6 12. Nd2 Bg4 13. Bxf6 Qd7 14. f3 e4 15. Bd4 exf3 16. gxf3 Bh3 17. Bxc5 Bxf1 18. Bxf8 Bxd3 19. Bc5 Qe6 20. Nf1 Bg6 21. Ng3 Rb8 22. Qd2 h5 23. Rf1 h4 24. Ne2 Re8 25. Nf4 Qf5 26. Nxg6 Qxg6+ 27. Qg2 Qf5 28. Bd4 Qh7 29. Qg4 Re6 30. Kh1 Qh6 31. Rg1 g6 32. Qg5 Qxg5 33. Rxg5 Kh7 34. Rg4 f6 35. Rxh4+ Kg7 36. b4 a6 37. a4 Re7 38. Rf4 Rf7 39. Rxf6 Rxf6 40. Kg2 Kf7 41. Bxf6 Kxf6 42. Kg3 Kf5 43. h4 Ke5 44. Kg4 Kf6 45. Kf4 Ke6 46. Kg5 Kf7 47. f4 Kg7 48. f5 gxf5 49. Kxf5 Kh6 50. Ke5 Kh5 51. Kd6 Kxh4 52. Kxc6 Kg5 53. Kxd5 Kf5 54. e4+ Kf6 55. Kd6 Kf7 56. e5 Ke8 57. Ke6 Kd8 58. Kf7 Kd7 59. e6+ Kd6 60. e7 Kd5 61. e8Q Kc4 62. Qc6+ Kb3 63. Qxa6 Kxc3 64. b5 Kb4 65. Qc6 Kxa4 66. b6+ Ka5 67. b7 Kb4 68. b8Q+ Ka5 69. Qbb5# 1-0

[Event "ROM-ch U12"]
[Site "Calimanesti"]
[Date "2015.03.31"]
[Round "2"]
[White "Vasiloiu, Adrian Mihai"]
[Black "Mihai, Cristian"]
[Result "0-1"]
[WhiteElo "1522"]
[BlackElo "1692"]
[PlyCount "118"]
[EventDate "2015.03.30"]
[EventType "swiss"]
[EventRounds "9"]
[EventCountry "ROU"]
[SourceTitle "CBM 165 Extra"]
[Source "ChessBase"]
[SourceDate "2015.04.21"]
[SourceVersion "1"]
[SourceVersionDate "2015.04.21"]
[SourceQuality "1"]

1. d4 Nf6 2. Nf3 e6 3. e3 b6 4. Bd3 Bb7 5. Nbd2 c5 6. c3 Nc6 7. Ne5 d6 8. Nef3 d5 9. Ne5 c4 10. Bc2 Bd6 11. f4 Qc7 12. Qf3 0-0-0 13. 0-0 Rdf8 14. e4 Nxe4 15. Nxe4 dxe4 16. Bxe4 Nxe5 17. Bxb7+ Qxb7 18. Qxb7+ Kxb7 19. dxe5 Bc5+ 20. Kh1 Rd8 21. h3 Rd7 22. b3 cxb3 23. axb3 a5 24. Ba3 Bxa3 25. Rxa3 Rd3 26. c4 Rhd8 27. Kh2 R8d4 28. c5 bxc5 29. Rxa5 Rxb3 30. Rxc5 Rbb4 31. f5 exf5 32. Rxf5 Rf4 33. Rb5+ Kc6 34. Rxb4 Rxf5 35. Rg4 g6 36. Rh4 h5 37. Re4 Kd5 38. Re2 Rxe5 39. Rxe5+ Kxe5 40. Kg3 g5 41. Kf3 f5 42. g3 f4 43. gxf4+ gxf4 44. Kf2 Ke4 45. Ke2 f3+ 46. Kf2 Kf4 47. h4 Kg4 48. Kg1 Kxh4 49. Kf2 Kg4 50. Kg1 Kf4 51. Kf2 Ke4 52. Kf1 Ke3 53. Ke1 f2+ 54. Kf1 h4 55. Kg2 Ke2 56. Kh3 f1Q+ 57. Kxh4 Qg1 58. Kh3 Kf3 59. Kh4 Qg4# 0-1

[Event "ROM-ch U10"]
[Site "Calimanesti"]
[Date "2014.04.13"]
[Round "9"]
[White "Mihai, Cristian"]
[Black "Tabara, Andrei Cristian"]
[Result "1/2-1/2"]
[WhiteElo "1537"]
[BlackElo "1310"]
[PlyCount "73"]
[EventDate "2014.04.06"]
[EventType "swiss"]
[EventRounds "9"]
[EventCountry "ROU"]
[SourceTitle "CBM 160 Extra"]
[Source "ChessBase"]
[SourceDate "2014.07.01"]
[SourceVersion "1"]
[SourceVersionDate "2014.07.01"]
[SourceQuality "1"]

1. d4 d5 2. c4 e6 3. cxd5 exd5 4. Nc3 Nf6 5. Bg5 Nbd7 6. e3 Be7 7. Nf3 h6 8. Bh4 Nb6 9. Be2 Bg4 10. 0-0 0-0 11. Ne5 Bxe2 12. Qxe2 Ne4 13. Bxe7 Nxc3 14. bxc3 Qxe7 15. a4 a5 16. Qb5 Rfe8 17. Nd3 Qd7 18. Rfb1 Qe7 19. Qc5 f5 20. Qxe7 Rxe7 21. Nc5 Ra7 22. Rb5 Rf7 23. Nb3 Rf8 24. Rxa5 Rxa5 25. Nxa5 Ra8 26. Nxb7 Rxa4 27. Rxa4 Nxa4 28. Nc5 Nxc5 29. dxc5 Kf7 30. Kf1 g5 31. Ke2 Ke6 32. Kd3 Ke5 33. h3 h5 34. g3 g4 35. h4 c6 36. c4 dxc4+ 37. Kxc4 1/2-1/2

[Event "ROM-ch U10"]
[Site "Calimanesti"]
[Date "2014.04.09"]
[Round "5"]
[White "Mihai, Cristian"]
[Black "Menlibai, Deniz Edvin"]
[Result "0-1"]
[WhiteElo "1537"]
[BlackElo "1260"]
[PlyCount "87"]
[EventDate "2014.04.06"]
[EventType "swiss"]
[EventRounds "9"]
[EventCountry "ROU"]
[SourceTitle "CBM 160 Extra"]
[Source "ChessBase"]
[SourceDate "2014.07.01"]
[SourceVersion "1"]
[SourceVersionDate "2014.07.01"]
[SourceQuality "1"]

1. d4 d5 2. c4 c6 3. cxd5 cxd5 4. Nf3 Nf6 5. Nc3 Nc6 6. Bf4 a6 7. Ne5 e6 8. Nxc6 bxc6 9. Na4 Be7 10. e3 Qa5+ 11. Nc3 c5 12. dxc5 Bxc5 13. a3 Qd8 14. b4 Be7 15. Be2 0-0 16. 0-0 Bd6 17. Bxd6 Qxd6 18. b5 axb5 19. Nxb5 Qe7 20. a4 Ba6 21. Nd4 Bxe2 22. Qxe2 Qd7 23. Qb5 Qxb5 24. axb5 Rfb8 25. Rxa8 Rxa8 26. Rb1 Nd7 27. Nc6 Nb6 28. Kf1 g6 29. Rb2 Kg7 30. Ke2 Kf8 31. Kd3 Ke8 32. Kd4 Kd7 33. Ne5+ Ke7 34. Kc5 Na4+ 35. Kc6 Nxb2 36. b6 Nc4 37. Nd3 Rb8 38. b7 Nd6 39. Nc5 Nxb7 40. Nxb7 Rxb7 41. Kxb7 Kd6 42. Kb6 e5 43. Kb5 f5 44. Kb4 0-1

[Event "ROM-ch U10"]
[Site "Calimanesti"]
[Date "2013.04.07"]
[Round "8"]
[White "Mihai, Cristian"]
[Black "Bulau, Andrei Cristian"]
[Result "1-0"]
[WhiteElo "1328"]
[BlackElo "1509"]
[PlyCount "79"]
[EventDate "2013.04.02"]
[EventType "swiss"]
[EventRounds "9"]
[EventCountry "ROU"]
[SourceTitle "CBM 153 Extra"]
[Source "ChessBase"]
[SourceDate "2013.04.22"]
[SourceVersion "1"]
[SourceVersionDate "2013.04.22"]
[SourceQuality "1"]

1. d4 d5 2. c4 c6 3. cxd5 cxd5 4. Nf3 Nf6 5. Nc3 Nc6 6. Bf4 Bf5 7. Ne5 Nxe5 8. Bxe5 e6 9. e3 a6 10. Be2 Bd6 11. Bxd6 Qxd6 12. Qa4+ Qd7 13. Bb5 axb5 14. Qxa8+ Qd8 15. Qxb7 0-0 16. 0-0 Bd3 17. Rfd1 Bg6 18. Qxb5 Qd6 19. Qc5 Qd7 20. Rac1 Rc8 21. Qb4 Rc7 22. Nb5 Rb7 23. a4 Ne8 24. Qc5 h6 25. Qc8 Qxc8 26. Rxc8 f6 27. Rdc1 Kh7 28. f3 e5 29. Rd8 exd4 30. exd4 Re7 31. Kf2 Bd3 32. Re1 Rxe1 33. Kxe1 Bg6 34. a5 f5 35. a6 f4 36. a7 h5 37. a8Q h4 38. Nd6 h3 39. gxh3 Nxd6 40. Rh8# 1-0